书目信息 |
| 题名: |
工程冻土概论
|
|
| 作者: | 曲祥民 , 张洪雨 主编 | |
| 分册: | ||
| 出版信息: | 哈尔滨 哈尔滨工程大学出版社 2005.08 |
|
| 页数: | 172页 | |
| 开本: | 26cm | |
| 丛书名: | ||
| 单 册: | ||
| 中图分类: | TU475 | |
| 科图分类: | ||
| 主题词: | 冻土区--dong tu qu--基础 (工程)--概论 | |
| 电子资源: | ||
| ISBN: | 7-81073-657-4 | |
| 000 | 00872nam0 2200253 450 | |
| 001 | 012007095176 | |
| 005 | 20071228150222.26 | |
| 010 | @a7-81073-657-4@dCNY16.00 | |
| 100 | @a20071228d2005 km y0chiy0120 ea | |
| 101 | 0 | @achi |
| 102 | @aCN@b230000 | |
| 105 | @aab a 000yy | |
| 106 | @ar | |
| 200 | 1 | @a工程冻土概论@Agong cheng dong tu gai lun@f曲祥民, 张洪雨主编@Fqu xiang min,zhang hong yu zhu bian |
| 210 | @a哈尔滨@c哈尔滨工程大学出版社@d2005.08 | |
| 215 | @a172页@c图, 地图@d26cm | |
| 320 | @a有书目 (第171-172页) | |
| 330 | @a本书内容包括:冻土的基本物理力学性质、土冻结过程中水分迁移和冻胀机理、土的冻胀性分类与冻胀量计算等。 | |
| 606 | 0 | @a冻土区@Adong tu qu@x基础 (工程)@x概论 |
| 690 | @aTU475@v4 | |
| 701 | 0 | @a曲祥民@Aqu xiang min@4主编 |
| 701 | 0 | @a张洪雨@Azhang hong yu@4主编 |
| 801 | 0 | @aCN@bQSSK@c20071228 |
| 905 | @b273639-41@dTU475@eQ797@f3 | |
| 工程冻土概论/曲祥民, 张洪雨主编.-哈尔滨:哈尔滨工程大学出版社,2005.08 |
| 172页:图, 地图;26cm |
| ISBN 7-81073-657-4:CNY16.00 |
| 本书内容包括:冻土的基本物理力学性质、土冻结过程中水分迁移和冻胀机理、土的冻胀性分类与冻胀量计算等。 |
| ● |
| 相关链接 |
|
|
|
正题名:工程冻土概论
索取号:TU475/Q797
 
预约/预借
| 序号 | 登录号 | 条形码 | 馆藏地/架位号 | 状态 | 备注 |
| 1 | 273639 | 202736398 | 建筑库101/101建筑库 98排4列4层/ [索取号:TU475/Q797] | 在馆 | |
| 2 | 273640 | 202736405 | 建筑库101/101建筑库 98排4列4层/ [索取号:TU475/Q797] | 在馆 | |
| 3 | 273641 | 202736414 | 建筑库101/101建筑库 98排4列4层/ [索取号:TU475/Q797] | 在馆 |